| 000 | 00512nam a2200181Ia 4500 | ||
|---|---|---|---|
| 008 | 100921s9999 xx 000 0 und d | ||
| 082 |
_b18935 _a891.461 थ 83 |
||
| 100 | _aढसाळ नामदेव. | ||
| 245 | _aखेळ. | ||
| 260 |
_bप्रास प्रकाशन, मुंबई. _c1983 |
||
| 300 |
_a70 _b--- |
||
| 365 | _b20 | ||
| 520 | _aललित-काव्य. | ||
| 630 | _aखेळ. | ||
| 650 | _aललित-काव्य. | ||
| 730 | _aखेळ. | ||
| 942 | _cBOOK | ||
| 999 |
_c768048 _d768045 |
||